000 01140nam a2200301 4500
003 OSt
005 20260601171006.0
008 260506b2005\\\\mx\|||||\||||\00|\0\spa\d
040 _aICI
_bSPA
_cICI
041 _aspa
050 _aNK1414.Z9
_bC36
100 1 _aCampos, María Aurora
_eartista
_932245
245 1 _aMaría Aurora Campos
_ccoordinación editorial Eugenia González
264 _a[México] :
_bBiblioteca de Diseño Quórum,
_c[2005]
300 _a59 páginas :
_bilustraciones, retratos
336 _atexto
_2rdacontent
337 _asin medio
_2rdamedia
338 _avolumen
_2rdacarrier
600 1 _aCampos, María Aurora
_xCrítica e interpretación
_932246
700 1 _aGonzález, Eugenia,
_eeditor
_932247
700 1 _aGarcía Pablo / Retorno Tassier
_eDiseño
_932248
700 1 _aEscamilla Denise
_eFotografía de proyectos
_932249
700 1 _aDíaz de Casanova Mariana
_eCorrección de estilo
_932250
700 1 _aMartínez Víctor
_eIlustración pag 2
_932251
700 1 _aComité XV Premio Quórum
_eEdición
_932252
700 1 _aCENVEO Houston & Los Angeles
_eImpresión
_932253
942 _2lcc
_cB
_n1
999 _c20280
_d20280